00404 2200157 4500001002100000005001500021035002000036245005700056100001800113300002800131260003100159082000800190084001400198020002200212990001200234INLIS00000000000291120250911014615 a0010-09250002581 aApa Itu Perubahan Iklim ? /cProf. Dr. Edvin Aldrian0 aEdvin Aldrian a122 hlm ;c14,5 x 21 cm aJakarta :bErlangga,c2023 a600 a600 EDV a a978-623-266-951-2 a0755326